[Event "Basses Vallees Angevines op 4th"]
[Site "Cantenay Epinard"]
[Date "2015.12.19"]
[Round "4"]
[White "Garcion, Ilan"]
[Black "Giua, Louka"]
[Result "0-1"]
[WhiteElo "1310"]
[BlackElo "1169"]
[PlyCount "54"]
[EventDate "2015.12.19"]
[EventType "swiss"]
[EventRounds "5"]
[EventCountry "FRA"]
[SourceTitle "EXT 2019"]
[Source "ChessBase"]
[SourceDate "2018.10.10"]
[SourceVersion "1"]
[SourceVersionDate "2018.10.10"]
[SourceQuality "1"]

1. d4 d5 2. c4 e6 3. Nc3 Nf6 4. Nf3 c6 5. Bg5 Nbd7 6. e4 dxe4 7. Nxe4 Be7 8. Bxf6 Nxf6 9. Nxf6+ Bxf6 10. Bd3 Bxd4 11. Rb1 0-0 12. 0-0 Bf6 13. Qc2 h6 14. Rbd1 Qe7 15. Rfe1 Rd8 16. Re2 c5 17. Red2 Kh8 18. Bh7 Rxd2 19. Rxd2 g6 20. Bxg6 fxg6 21. Qxg6 Qg7 22. Qe8+ Qg8 23. Qh5 Kh7 24. Re2 Qg6 25. Qxc5 e5 26. Nxe5 Qb1+ 27. Re1 Qxe1# 0-1